Manual of traffic engineering studies (Record no. 33603)

000 -LEADER
fixed length control field 00526nam a22001937a 4500
001 - CONTROL NUMBER
control field 33603
003 - CONTROL NUMBER IDENTIFIER
control field BD-DhUET
008 - FIXED-LENGTH DATA ELEMENTS--GENERAL INFORMATION
fixed length control field 150917b xxu||||| |||| 00| 0 eng d
040 ## - CATALOGING SOURCE
Transcribing agency DLC
Modifying agency BD-DhUET
082 ## - DEWEY DECIMAL CLASSIFICATION NUMBER
Classification number 388.312
Item number CLE/1964
100 ## - MAIN ENTRY--PERSONAL NAME
Personal name Cleveland, Donald E.
245 ## - TITLE STATEMENT
Title Manual of traffic engineering studies
250 ## - EDITION STATEMENT
Edition statement 3rd ed.
260 ## - PUBLICATION, DISTRIBUTION, ETC. (IMPRINT)
Place of publication, distribution, etc. Woshington .D. C.
Name of publisher, distributor, etc. Institute of traffic Engineers
Date of publication, distribution, etc. 1964
300 ## - PHYSICAL DESCRIPTION
Extent xii, 187 p.
Other physical details ill
504 ## - BIBLIOGRAPHY, ETC. NOTE
Bibliography, etc Includes bibliographies
650 #0 - SUBJECT ADDED ENTRY--TOPICAL TERM
Topical term or geographic name as entry element Traffic engineering
942 ## - ADDED ENTRY ELEMENTS (KOHA)
Koha item type Edited Book
Holdings
Koha normalized classification for sorting Not for loan Date acquired Withdrawn status Source of classification or shelving scheme Koha date last seen Lost status Sublocation or collection (holding branch) Copy number Shelving location Location (home branch) Piece designation (barcode) Price effective from Koha item type Koha full call number Damaged status
388_312000000000000_CLE_1964 2015-09-17  2015-09-17 Central Library, BUET1Reference sectionCentral Library, BUET843622015-09-17Edited Book388.312/CLE/1964 
388_312000000000000_CLE_1964 2017-03-12  2017-03-25 Central Library, BUET2Circulation sectionCentral Library, BUET221302017-03-12Edited Book388.312/CLE/1964 
388_312000000000000_CLE_1964 2017-03-12  2017-03-12 Central Library, BUET3Circulation sectionCentral Library, BUET221282017-03-12Edited Book388.312/CLE/1964 
388_312000000000000_CLE_1964 2017-03-12  2017-03-12 Central Library, BUET4Circulation sectionCentral Library, BUET221262017-03-12Edited Book388.312/CLE/1964 
388_312000000000000_CLE_1964 2017-03-12  2017-03-12 Central Library, BUET5Circulation sectionCentral Library, BUET221272017-03-12Edited Book388.312/CLE/1964 
388_312000000000000_CLE_1964 2017-03-12  2017-03-12 Central Library, BUET6Circulation sectionCentral Library, BUET221292017-03-12Edited Book388.312/CLE/1964